ბათუმის შოთა რუსთაველის სახელმწიფო უნივერსიტეტის ბიბლიოთეკა

ლექსები (ბიბ.ჩანაწერი № 41962)

000 -LEADER
fixed length control field 00647nam a2200229Ia 4500
001 - CONTROL NUMBER
control field 8646
003 - CONTROL NUMBER IDENTIFIER
control field GE_BSU
008 - FIXED-LENGTH DATA ELEMENTS--GENERAL INFORMATION
fixed length control field 181216s||||||||xx |||||||||||||| ||und||
040 ## - CATALOGING SOURCE
Transcribing agency GE_BSU
080 ## - UNIVERSAL DECIMAL CLASSIFICATION NUMBER
Universal Decimal Classification number 821.353.1-1
100 ## - MAIN ENTRY--PERSONAL NAME
Personal name თურმანიძე, მიხეილ
245 ## - TITLE STATEMENT
Title ლექსები
245 ## - TITLE STATEMENT
Statement of responsibility, etc. რედ.: ვასო ხიმშიაშვილი
260 ## - PUBLICATION, DISTRIBUTION, ETC.
Place of publication, distribution, etc. ბათუმი
260 ## - PUBLICATION, DISTRIBUTION, ETC.
Name of publisher, distributor, etc. მთიანეთის გამოც.
260 ## - PUBLICATION, DISTRIBUTION, ETC.
Date of publication, distribution, etc. 2009
300 ## - PHYSICAL DESCRIPTION
Extent 40 გვ; 19 სმ.
300 ## - PHYSICAL DESCRIPTION
Other physical details 1 ფ. პორტრ.
653 ## - INDEX TERM--UNCONTROLLED
Uncontrolled term ლექსები
942 ## - ADDED ENTRY ELEMENTS (KOHA)
Koha item type წიგნი
ეგზემპლარები
Withdrawn status Lost status Damaged status Not for loan Date acquired Barcode Date last seen Price effective from Koha item type
        2018-12-17 31037 2018-12-17 2018-12-17 წიგნი
        2018-12-17 31038 2018-12-17 2018-12-17 წიგნი
        2018-12-17 31039 2018-12-17 2018-12-17 წიგნი
        2018-12-17 31040 2018-12-17 2018-12-17 წიგნი